How to start my business/ (Record no. 173299)

MARC details
000 -LEADER
fixed length control field 00530nam a22001817a 4500
005 - DATE AND TIME OF LATEST TRANSACTION
control field 20200221131204.0
010 ## - LCCN (DPL NO)
LC control number B-219149
020 ## - INTERNATIONAL STANDARD BOOK NUMBER
International Standard Book Number 8183820220
Terms of availability 95.00
035 ## - SYSTEM CONTROL NUMBER
System control number B-219149
082 ## - DEWEY DECIMAL CLASSIFICATION NUMBER
Edition number 2006
Classification number 650.1
Item number SAM
100 ## - MAIN ENTRY--PERSONAL NAME
Personal name Philips J.Samuel
245 ## - TITLE STATEMENT
Title How to start my business/
Statement of responsibility, etc Philips J.Samuel
260 ## - PUBLICATION, DISTRIBUTION, ETC. (IMPRINT)
Place of publication, distribution, etc New Delhi
Name of publisher, distributor, etc Lotus Press
270 ## - ADDRESS
Address 4263/3,Ansari Road,Darya Ganj,
City Delhi
Postal code 110002
300 ## - PHYSICAL DESCRIPTION
Extent 105p.;
Dimensions 20cm
942 ## - ADDED ENTRY ELEMENTS (KOHA)
Source of classification or shelving scheme Dewey Decimal Classification
Item type English Books
Classification part 650.1
Call number suffix SAM
Holdings
Withdrawn status Lost status Not for loan Collection code Home library Current library Date acquired Cost, normal purchase price Full call number Barcode Cost, replacement price Koha item type
      Non-fiction Sarojini Nagar Sarojini Nagar 21/02/2020 95.00 650.1 SAM B-219149 95.00 English Books

© Delhi Public Library
Hit Counter
free hit counter